[Event "9th Bangabandhu Blitz Women 2021"]
[Site "Dhaka"]
[Date "2021.04.03"]
[Round "3.2"]
[White "Israt, Jahan Diba"]
[Black "Taspia, Tahsin Prima"]
[Result "1-0"]
[WhiteElo "1675"]
[BlackElo "1328"]
[Annotator "NA RC"]
[PlyCount "41"]
[EventDate "2021.04.02"]
[EventType "swiss"]
[EventCountry "BAN"]
[SourceTitle "playchess.com"]
[Source "ChessBase"]
[SourceQuality "1"]
[TimeControl "1500+10"]

1. e4 {[%emt 0:22:07]} e5 {[%emt 0:22:07]} 2. Nf3 {[%emt 0:00:10]} Nc6 {[%emt 0:00:08]} 3. Bc4 {[%emt 0:00:09]} Bc5 {[%emt 0:00:09]} 4. c3 {[%emt 0:00:09]} Nf6 {[%emt 0:03:16]} 5. d4 exd4 {[%emt 0:00:00]} 6. e5 {[%emt 0:00:17]} Ne4 {[%emt 0:00:00]} 7. Bb5 {[%emt 0:00:11]} dxc3 {[%emt 0:00:00]} 8. O-O {[%emt 0:00:26]} O-O {[%emt 0:00:00]} 9. Nxc3 {[%emt 0:00:11]} Nxc3 {[%emt 0:00:00]} 10. bxc3 {[%emt 0:00:09]} Re8 {[%emt 0:00:00]} 11. Qd5 {[%emt 0:00:20]} Bb6 {[%emt 0:00:00]} 12. Bc4 {[%emt 0:00:10]} Re6 {[%emt 0:00:00]} 13. Ng5 {[%emt 0:00:11]} Rxe5 {[%emt 0:00:00]} 14. Qxf7+ {[%emt 0:00:28]} Kh8 {[%emt 0:00:00]} 15. Qh5 {[%emt 0:00:26]} Rxg5 {[%emt 0:00:00]} 16. Bxg5 {[%emt 0:00:09]} Qf8 {[%emt 0:00:07]} 17. Bd3 {[%emt 0:00:14]} h6 {[%emt 0:00:15]} 18. Qg6 {[%emt 0:00:16]} Qg8 {[%emt 0:00:11]} 19. Rae1 {[%emt 0:00:13]} d5 {[%emt 0:00:12]} 20. Re8 {[%emt 0:00:10]} Bd7 {[%emt 0:00:27]} 21. Qh7# {[%emt 0:02:04]} 1-0

[Event "9th Bangabandhu Blitz Women 2021"]
[Site "Dhaka"]
[Date "2021.04.03"]
[Round "3.4"]
[White "Nusrat Jahan, Alo"]
[Black "Wadifa, Ahmed"]
[Result "1-0"]
[WhiteElo "1712"]
[BlackElo "1595"]
[Annotator "NA RC"]
[PlyCount "83"]
[EventDate "2021.04.02"]
[EventType "swiss"]
[EventCountry "BAN"]
[SourceTitle "playchess.com"]
[Source "ChessBase"]
[SourceQuality "1"]
[TimeControl "1500+10"]

1. e4 {[%emt 0:25:10]} c5 2. Nf3 {[%emt 0:00:10]} e6 3. c3 d5 {[%emt 0:25:30]} 4. exd5 {[%emt 0:00:20]} Qxd5 {[%emt 0:00:10]} 5. d4 {[%emt 0:00:10]} Nf6 {[%emt 0:00:10]} 6. Be3 {[%emt 0:00:10]} cxd4 {[%emt 0:00:10]} 7. Bxd4 {[%emt 0:00:10]} Be7 {[%emt 0:00:10]} 8. Be2 {[%emt 0:00:10]} O-O {[%emt 0:00:10]} 9. O-O {[%emt 0:00:10]} Nc6 10. h3 {[%emt 0:00:10]} Bd7 {[%emt 0:00:20]} 11. Nbd2 {[%emt 0:00:10]} Nxd4 {[%emt 0:00:10]} 12. Nxd4 {[%emt 0:00:10]} Bc6 {[%emt 0:00:10]} 13. Bf3 {[%emt 0:00:10]} Qd7 {[%emt 0:00:10]} 14. Bxc6 {[%emt 0:00:10]} bxc6 {[%emt 0:00:10]} 15. N2f3 {[%emt 0:00:10]} c5 {[%emt 0:00:10]} 16. Ne5 {[%emt 0:00:10]} Qc7 {[%emt 0:00:10]} 17. Ndf3 {[%emt 0:00:10]} Rfd8 {[%emt 0:00:10]} 18. Qc2 {[%emt 0:00:10]} h6 {[%emt 0:00:10]} 19. Rad1 {[%emt 0:00:10]} Nd5 {[%emt 0:00:10]} 20. c4 {[%emt 0:00:10]} Nb4 {[%emt 0:00:10]} 21. Qa4 {[%emt 0:00:10]} Bf6 {[%emt 0:00:10]} 22. Rxd8+ {[%emt 0:00:10]} Rxd8 {[%emt 0:00:10]} 23. a3 {[%emt 0:00:10]} Bxe5 {[%emt 0:00:10]} 24. axb4 {[%emt 0:00:10]} Bxb2 {[%emt 0:00:10]} 25. b5 {[%emt 0:00:10]} Bf6 {[%emt 0:00:10]} 26. Qb3 {[%emt 0:00:10]} Qb6 {[%emt 0:00:10]} 27. Nh2 {[%emt 0:00:10]} g6 {[%emt 0:00:10]} 28. Ng4 Bg7 {[%emt 0:00:10]} 29. Qe3 {[%emt 0:00:20]} h5 {[%emt 0:00:10]} 30. Nh2 {[%emt 0:00:10]} Rd4 {[%emt 0:00:10]} 31. Rc1 {[%emt 0:00:10]} Rd8 {[%emt 0:00:10]} 32. Nf3 {[%emt 0:00:10]} Rc8 {[%emt 0:00:10]} 33. Nd2 {[%emt 0:00:10]} Kh7 {[%emt 0:00:10]} 34. Qe2 {[%emt 0:00:10]} Bh6 {[%emt 0:00:10]} 35. Rc2 Bxd2 {[%emt 0:00:10]} 36. Qxd2 {[%emt 0:00:20]} Rd8 37. Qf4 {[%emt 0:00:10]} Qb7 {[%emt 0:00:20]} 38. Qf6 {[%emt 0:00:10]} Kg8 {[%emt 0:00:10]} 39. Qxd8+ {[%emt 0:00:10]} Kg7 {[%emt 0:00:10]} 40. Qd6 {[%emt 0:00:10]} Qe4 {[%emt 0:00:10]} 41. Qd2 {[%emt 0:00:10]} Qf5 {[%emt 0:00:10]} 42. Qc3+ {[%emt 0:00:10]} 1-0

[Event "9th Bangabandhu Blitz Women 2021"]
[Site "Dhaka"]
[Date "2021.04.03"]
[Round "4.1"]
[White "Talukder, Umme Taslima Protiva"]
[Black "Parveen, Tanima"]
[Result "0-1"]
[WhiteElo "1722"]
[BlackElo "1984"]
[Annotator "TA"]
[PlyCount "86"]
[EventDate "2021.04.02"]
[EventType "swiss"]
[EventCountry "BAN"]
[SourceTitle "playchess.com"]
[Source "ChessBase"]
[SourceQuality "1"]

{[%evp 16,85,50,22,16,-39,-31,-35,-29,-38,-8,-13,0,0,0,0,17,13,19,0,0,-184,-182,-169,-166,-185,-158,-161,-153,-242,-214,-270,-263,-262,-217,-220,-221,-239,-143,-222,-230,-235,-236,-354,-336,-346,-354,-970,-498,-620,-469,-466,-372,-606,-409,-388,-364,-389,-324,-353,-308,-639,-638,-29991,-29992,-29992,-29993,-29993,-29992,-29998,-29999,-29999]} 1. d4 d5 2. c4 e6 3. Nc3 Nf6 4. Nf3 c6 5. e3 Bd6 6. Bd3 Nbd7 7. O-O O-O 8. b3 dxc4 9. Bxc4 e5 {D45: Semi-Slav: 5 e3.} 10. dxe5 ({White should play} 10. Qc2 $11) 10... Nxe5 $15 11. Nxe5 Bxe5 {Black is slightly better.} 12. Bb2 Qe7 13. Qc2 {[#]} Ng4 $146 ({Predecessor:} 13... b5 14. Be2 Bb7 15. Bf3 a6 16. Rac1 c5 17. Bxb7 Qxb7 18. Ne4 Bxb2 19. Nxc5 Qd5 20. Qxb2 {0-1 (40) Haessel,D (2133)-Sviridova,V (2144) Chess.com INT 2021}) 14. h3 Qh4 15. Ne2 Bh2+ 16. Kh1 {Strongly threatening f4.} Bc7 17. Bd3 Nxf2+ 18. Kg1 $2 {Black continues to play with concentration.} (18. Rxf2 $11 {and White is okay.} Qxf2 19. Bxh7+ Kh8 20. Qc5 Bxh3 21. Bxg7+ Kxg7 22. Qg5+ Kxh7 23. Qh5+ {[%mdl 64] Double Attack} Kg8 24. Qg5+ Kh8 25. Qh5+ Kg8 26. Qg5+ Kh8 27. Qh5+ Kg8) 18... Nxd3 $19 ({But not} 18... Nxh3+ 19. gxh3 Bxh3 20. Rf4 $17) 19. Qxd3 Qg5 {aiming for ...Bxh3.} 20. Rf3 Be6 21. Nf4 Bf5 22. Qd4 (22. e4 $17 Rfd8 23. Qc3 Bb6+ 24. Kh1) 22... Rad8 23. Qc3 Be4 24. Rf2 Ba5 25. b4 Bb6 26. Re1 Kh8 (26... Bc7 $19 27. Rfe2 Qg3) 27. Nh5 (27. h4 $17 Qg4 28. h5) 27... f6 28. Nf4 Rfe8 29. Qc4 (29. Qc1 $142) 29... Bd5 30. Qc3 Bxa2 31. Rfe2 $2 (31. Qc1) 31... Bf7 {[#] White must now prevent ...Qxf4.} 32. Kh1 Bc7 33. Rf2 Be5 34. Qc2 (34. Qc1) 34... Bxb2 35. Qxb2 Qb5 36. Rfe2 Bc4 37. Rf2 Re7 38. Ne2 $2 (38. Qc3) 38... Rxe3 39. Nc3 Rxe1+ {Black mates.} 40. Kh2 Qe5+ 41. g3 Re3 42. Rc2 Qxg3+ {[%mdl 64] [#] Double Attack} 43. Kh1 Re1# {Weighted Error Value: White=0.78/Black=0.43} 0-1

[Event "9th Bangabandhu Blitz Women 2021"]
[Site "Dhaka"]
[Date "2021.04.03"]
[Round "4.2"]
[White "Sultana, Sharmin Shirin"]
[Black "Israt, Jahan Diba"]
[Result "1-0"]
[WhiteElo "2006"]
[BlackElo "1675"]
[Annotator "TA"]
[PlyCount "87"]
[EventDate "2021.04.02"]
[EventType "swiss"]
[EventCountry "BAN"]
[SourceTitle "playchess.com"]
[Source "ChessBase"]
[SourceQuality "1"]

{[%evp 11,87,16,35,8,12,8,30,0,4,0,33,-12,44,-10,21,24,14,0,44,44,69,43,74,75,81,90,83,83,77,67,67,-227,54,53,46,56,143,62,123,81,94,58,53,42,56,0,33,0,43,26,516,496,1102,293,450,433,1568,1500,29970,29972,29971,29972,29972,29969,29969,29970,29976,29977,29977,29978,29980,29980,29984,29985,29987,29981,29972,5983]} 1. d4 d5 2. c4 e6 3. Nc3 Nf6 4. Nf3 Be7 5. Bf4 O-O 6. e3 b6 7. h3 {D37: Queen's Gambit Declined: 5 Bf4.} c5 8. dxc5 Bxc5 9. Qc2 {White has an edge.} Bb7 10. Rd1 {[#]} Qe7 $146 ({Predecessor:} 10... Qc8 11. Nb5 dxc4 12. Nc7 Bb4+ 13. Nd2 e5 14. Bxe5 Nfd7 15. Bh2 Nc5 16. Nxa8 Qd7 {1-0 (32) Fenske,K (1630)-Lanz,J (1549) Playchess.com INT 2020}) 11. Bg5 h6 (11... dxc4 $11 12. Bxc4 Nbd7) 12. Bh4 (12. Bxf6 $14 Qxf6 13. cxd5) 12... Nbd7 13. cxd5 exd5 14. Be2 Rfe8 15. O-O Qe6 16. a3 Ne4 17. Nxe4 dxe4 18. Nd4 Bxd4 19. Rxd4 Rac8 20. Qb1 Ne5 21. Bb5 $2 {[%mdl 8192] [#]} (21. Rfd1 $14 {keeps the upper hand.}) 21... Rf8 $2 (21... Nf3+ $1 $19 {[%mdl 512]} 22. gxf3 Qxh3 {[%mdl 64] Double Attack}) 22. Rfd1 $14 Rc5 {[#]} 23. Rd6 $1 Qc8 {[#]} ({Black should play} 23... Qb3 $14 24. Be2 Bc6) 24. Be2 (24. Rd8 $1 $16 Rxb5 25. Rxc8 Rxc8 26. Rc1) 24... Qc7 (24... Qf5 $14) 25. Bg3 {b4 is the strong threat.} Qe7 26. Bxe5 Qxe5 27. Rd7 Rc7 28. R7d6 ({Better is} 28. b3 $14) 28... Rfc8 29. Qa2 Qg5 (29... Rc2 $5 {[%cal Rc2e2]} 30. Rd7 (30. Rd8+ Rxd8 31. Rxd8+ Kh7 $11) 30... Rf8 $11) 30. Bg4 {Strongly threatening Rd7.} Rc6 $2 {[%mdl 8192]} (30... Re8 $11) 31. Bxc8 Bxc8 (31... Rxd6 $142 32. Rxd6 Bxc8) 32. Qd5 $2 (32. Rd8+ Kh7 33. Qxf7) 32... Rxd6 (32... Qxd5 $142 33. R1xd5 Rc1+ 34. Rd1 Rc7 35. Rd8+ Kh7) 33. Qxd6 $18 Bxh3 {[%mdl 4096] Endgame KQR-KQB} (33... Be6 $142 34. Qd8+ Kh7 35. Qxg5 hxg5) 34. Qd8+ Kh7 35. Qxg5 {White mates.} hxg5 36. gxh3 {KR-KP} Kg6 37. Rd5 f6 38. Kg2 Kh5 39. Kg3 Kg6 40. Rd7 a6 41. Rd6 a5 42. Rxb6 Kf7 43. Ra6 a4 44. Rxa4 {Weighted Error Value: White=0.46/Black=0.63} 1-0

[Event "9th Bangabandhu Blitz Women 2021"]
[Site "Dhaka"]
[Date "2021.04.03"]
[Round "4.3"]
[White "Noshin, Anjum"]
[Black "Nusrat Jahan, Alo"]
[Result "1-0"]
[WhiteElo "1912"]
[BlackElo "1712"]
[Annotator "TA"]
[PlyCount "91"]
[EventDate "2021.04.02"]
[EventType "swiss"]
[EventCountry "BAN"]
[SourceTitle "playchess.com"]
[Source "ChessBase"]
[SourceQuality "1"]

{[%evp 11,90,42,24,24,30,13,17,10,31,17,61,-12,141,17,98,0,0,0,0,0,0,-18,0,-34,-9,-79,-25,-50,-8,0,38,-4,-7,-105,-101,-181,-179,-233,-232,-239,-235,-231,-211,-364,-365,-360,-360,-343,-340,-398,-385,-378,-376,-375,-303,-726,-723,-712,-705,-784,-720,-896,-876,-1074,-843,-791,29992,29993,29993,29994,29994,29984,29994,29995,29996,29997,29997,29998,29998,29999,29999]} 1. e4 d5 2. exd5 Qxd5 3. Nc3 Qa5 4. d4 Nf6 5. Nf3 c6 6. Bc4 Bf5 7. Bb3 {B01: Scandinavian Defence.} e6 8. O-O Nbd7 9. h3 {The position is equal.} Qc7 10. Re1 {[#]} Be7 $146 ({Predecessor:} 10... Bd6 11. Be3 O-O 12. Ne2 c5 13. Qd2 cxd4 14. Nexd4 Ne4 15. Qd1 Bg6 {½-½ (15) Marin,A (1287)-Sarbu,A (1329) Calimanesti 2015}) 11. Ne5 (11. Nh4 $14) 11... O-O $2 {[#]} (11... Nxe5 $11 12. dxe5 Rd8) 12. Bf4 (12. g4 $1 $16 {[%cal Rg4f5]} Bg6 13. h4) 12... Bd6 (12... Nxe5 $11 13. Bxe5 Bd6) 13. Qf3 ({Better is} 13. g4 $16 Bg6 14. h4) 13... Bxe5 $11 14. Bxe5 Nxe5 15. dxe5 Nd7 16. Qg3 Nc5 17. Re2 Rad8 18. Kh2 (18. Qe3 $11 Qa5 19. Rae1) 18... Rd7 ({Black should play} 18... Rd4 $17 19. Ree1 Rfd8) 19. Qe3 Nxb3 20. axb3 a6 21. Rae1 Rfd8 22. Qg3 {[#]} (22. Na4 $11 {remains equal.}) 22... Rd2 $1 $17 23. Ne4 (23. Rc1 $17) 23... Bxe4 $19 24. Rxe4 (24. Rxd2 $142 Rxd2 25. Rxe4) 24... Rxc2 25. Rg4 g6 ({And not} 25... Rxb2 26. Rxg7+ Kf8 27. Rg8+ Ke7 28. Qh4+ Kd7 29. Rd1+ Rd2 30. Rxd2+ Kc8 31. Rgxd8+ Qxd8 32. Qxd8#) 26. h4 Rxb2 27. h5 $2 (27. Rf4) 27... Rdd2 28. Rf1 Re2 29. hxg6 hxg6 ({But not} 29... fxg6 30. Rd4 $19) 30. f4 Rxg2+ 31. Qxg2 Rxg2+ 32. Rxg2 {[%mdl 4096] Endgame KQ-KRR} Qb6 33. Kg3 $2 (33. Rf3) 33... Qxb3+ 34. Rf3 Qc4 35. Kg4 a5 36. Kg5 b5 37. Rh3 Qf1 38. Rgh2 Qg1+ $4 {[%mdl 8192]} (38... Kg7 $19 39. Rh7+ Kf8 40. Rh8+ Ke7) 39. Kf6 {[%csl Gh2][%cal Rh3h8] White mates.} Qxh2 40. Rxh2 {KR-KP} c5 41. Rc2 c4 42. Rd2 c3 43. Rd8+ Kh7 44. Kxf7 b4 45. Rd1 {[%cal Rd1h1]} c2 46. Rh1# {White used his chance.  Weighted Error Value: White=0.59/Black=0.42} 1-0

[Event "9th Bangabandhu Blitz Women 2021"]
[Site "Dhaka"]
[Date "2021.04.03"]
[Round "4.4"]
[White "Taspia, Tahsin Prima"]
[Black "Jannatul, Ferdous"]
[Result "0-1"]
[WhiteElo "1328"]
[BlackElo "1710"]
[Annotator "NA RC"]
[PlyCount "88"]
[EventDate "2021.04.02"]
[EventType "swiss"]
[EventCountry "BAN"]
[SourceTitle "playchess.com"]
[Source "ChessBase"]
[SourceQuality "1"]
[TimeControl "1500+10"]

1. e4 {[%emt 0:25:10]} c5 {[%emt 0:25:10]} 2. Nf3 {[%emt 0:00:10]} Nc6 {[%emt 0:00:10]} 3. d4 cxd4 {[%emt 0:00:10]} 4. Nxd4 Nf6 {[%emt 0:00:10]} 5. Nc3 {[%emt 0:00:30]} a6 {[%emt 0:00:10]} 6. Be3 {[%emt 0:00:10]} e5 {[%emt 0:00:10]} 7. Nxc6 {[%emt 0:00:10]} bxc6 {[%emt 0:00:10]} 8. Bd3 {[%emt 0:00:10]} d5 {[%emt 0:00:10]} 9. exd5 cxd5 10. Bg5 {[%emt 0:00:20]} Be6 {[%emt 0:00:20]} 11. O-O {[%emt 0:00:10]} Be7 {[%emt 0:00:10]} 12. Re1 {[%emt 0:00:10]} e4 {[%emt 0:00:10]} 13. Be2 {[%emt 0:00:10]} O-O {[%emt 0:00:10]} 14. Qd4 {[%emt 0:00:10]} h6 {[%emt 0:00:10]} 15. Bh4 {[%emt 0:00:10]} Qd6 {[%emt 0:00:10]} 16. Rad1 {[%emt 0:00:10]} Rfd8 {[%emt 0:00:10]} 17. Bg3 {[%emt 0:00:10]} Qb4 {[%emt 0:00:10]} 18. Qxb4 {[%emt 0:00:10]} Bxb4 {[%emt 0:00:10]} 19. Be5 {[%emt 0:00:10]} Nd7 {[%emt 0:00:10]} 20. Bd4 {[%emt 0:00:10]} Bc5 {[%emt 0:00:10]} 21. Bxc5 Nxc5 22. Rd4 {[%emt 0:00:20]} Rd6 {[%emt 0:00:20]} 23. h3 {[%emt 0:00:10]} Rb8 {[%emt 0:00:10]} 24. b4 {[%emt 0:00:10]} Nb7 {[%emt 0:00:10]} 25. Bc4 {[%emt 0:00:10]} dxc4 {[%emt 0:00:10]} 26. Rexe4 {[%emt 0:00:10]} Rxd4 {[%emt 0:00:10]} 27. Rxd4 Rd8 {[%emt 0:00:10]} 28. Re4 {[%emt 0:00:20]} Rd2 {[%emt 0:00:10]} 29. Re2 {[%emt 0:00:10]} Rxe2 30. Nxe2 Bf5 {[%emt 0:00:20]} 31. c3 {[%emt 0:00:20]} a5 {[%emt 0:00:10]} 32. b5 {[%emt 0:00:10]} Bd7 {[%emt 0:00:10]} 33. a4 {[%emt 0:00:10]} Nc5 {[%emt 0:00:10]} 34. b6 {[%emt 0:00:10]} Bxa4 {[%emt 0:00:10]} 35. Nd4 {[%emt 0:00:10]} Bd7 {[%emt 0:00:10]} 36. f4 {[%emt 0:00:10]} a4 37. Nc2 {[%emt 0:00:10]} Bc6 {[%emt 0:00:20]} 38. Kf2 {[%emt 0:00:10]} Ne4+ {[%emt 0:00:10]} 39. Ke3 {[%emt 0:00:10]} Nxc3 40. Kd4 {[%emt 0:00:10]} Ne2+ {[%emt 0:00:20]} 41. Kxc4 {[%emt 0:00:10]} Nxf4 {[%emt 0:00:10]} 42. Kc5 {[%emt 0:00:10]} Bxg2 {[%emt 0:00:10]} 43. Kd6 {[%emt 0:00:10]} Ne6 {[%emt 0:00:10]} 44. Na3 {[%emt 0:00:10]} g5 {[%emt 0:00:10]} 0-1

[Event "9th Bangabandhu Blitz Women 2021"]
[Site "Dhaka"]
[Date "2021.04.03"]
[Round "5.1"]
[White "Parveen, Tanima"]
[Black "Noshin, Anjum"]
[Result "0-1"]
[WhiteElo "1984"]
[BlackElo "1912"]
[Annotator "NA"]
[PlyCount "55"]
[EventDate "2021.04.02"]
[EventType "swiss"]
[EventCountry "BAN"]
[SourceTitle "playchess.com"]
[Source "ChessBase"]
[SourceQuality "1"]
[TimeControl "1500+10"]

1. e4 {[%emt 0:22:07]} e5 {[%emt 0:22:07]} 2. Nf3 {[%emt 0:00:09]} Nc6 {[%emt 0:00:09]} 3. Bc4 {[%emt 0:00:10]} Bc5 {[%emt 0:00:09]} 4. c3 {[%emt 0:00:09]} Nf6 {[%emt 0:00:10]} 5. d4 {[%emt 0:00:11]} exd4 {[%emt 0:00:09]} 6. cxd4 {[%emt 0:00:09]} Bb4+ {[%emt 0:00:10]} 7. Bd2 {[%emt 0:00:11]} Bxd2+ {[%emt 0:00:31]} 8. Nbxd2 {[%emt 0:00:09]} d5 {[%emt 0:00:33]} 9. exd5 {[%emt 0:00:11]} Nxd5 {[%emt 0:00:09]} 10. O-O {[%emt 0:00:12]} O-O {[%emt 0:00:12]} 11. h3 {[%emt 0:00:17]} h6 {[%emt 0:00:14]} 12. Ne4 {[%emt 0:00:32]} Re8 {[%emt 0:00:23]} 13. Ng3 {[%emt 0:00:11]} Be6 {[%emt 0:00:14]} 14. a3 {[%emt 0:00:23]} Qf6 {[%emt 0:00:20]} 15. Re1 {[%emt 0:00:38]} Rad8 {[%emt 0:00:17]} 16. Ne4 {[%emt 0:00:34]} Qg6 {[%emt 0:00:51]} 17. Nh4 {[%emt 0:00:12]} Qh7 {[%emt 0:00:25]} 18. Bd3 {[%emt 0:00:10]} g6 {[%emt 0:00:17]} 19. Bc2 {[%emt 0:00:19]} Qg7 {[%emt 0:00:10]} 20. Nc5 {[%emt 0:00:17]} Qxd4 {[%emt 0:00:15]} 21. Nxe6 {[%emt 0:00:21]} Rxe6 {[%emt 0:00:16]} 22. Rxe6 {[%emt 0:00:58]} fxe6 {[%emt 0:00:10]} 23. Qxd4 {[%emt 0:00:10]} Nxd4 {[%emt 0:00:09]} 24. Bxg6 {[%emt 0:00:10]} Nf4 {[%emt 0:00:10]} 25. Be4 {[%emt 0:00:12]} Nb3 {[%emt 0:00:13]} 26. Re1 {[%emt 0:00:12]} c6 {[%emt 0:00:11]} 27. Bb1 {[%emt 0:00:10]} Rd2 {[%emt 0:00:15]} 28. Ba2 {[%emt 0:00:00]} 0-1

[Event "9th Bangabandhu Blitz Women 2021"]
[Site "Dhaka"]
[Date "2021.04.03"]
[Round "5.2"]
[White "Jannatul, Ferdous"]
[Black "Sultana, Sharmin Shirin"]
[Result "0-1"]
[WhiteElo "1710"]
[BlackElo "2006"]
[Annotator "NA"]
[PlyCount "70"]
[EventDate "2021.04.02"]
[EventType "swiss"]
[EventCountry "BAN"]
[SourceTitle "playchess.com"]
[Source "ChessBase"]
[SourceQuality "1"]
[TimeControl "1500+10"]

1. e4 {[%emt 0:22:08]} c5 {[%emt 0:22:06]} 2. Nf3 e6 3. d4 {[%emt 0:00:18]} cxd4 {[%emt 0:00:17]} 4. Nxd4 {[%emt 0:03:14]} a6 5. Nc3 {[%emt 0:00:10]} Qc7 6. Be3 {[%emt 0:00:00]} Nf6 {[%emt 0:00:33]} 7. a3 {[%emt 0:00:00]} b5 {[%emt 0:00:14]} 8. Bd3 {[%emt 0:00:00]} Bb7 {[%emt 0:00:09]} 9. O-O {[%emt 0:00:00]} Nc6 {[%emt 0:00:09]} 10. Kh1 {[%emt 0:00:00]} Nxd4 {[%emt 0:00:16]} 11. Bxd4 {[%emt 0:00:00]} Bc5 {[%emt 0:00:15]} 12. Bxc5 {[%emt 0:00:00]} Qxc5 {[%emt 0:00:09]} 13. Qe2 {[%emt 0:00:00]} d6 {[%emt 0:00:13]} 14. Rad1 {[%emt 0:00:00]} O-O {[%emt 0:00:11]} 15. f4 {[%emt 0:00:00]} Nd7 {[%emt 0:00:13]} 16. Rf3 {[%emt 0:00:00]} Rfe8 {[%emt 0:00:28]} 17. Rg3 {[%emt 0:00:00]} g6 {[%emt 0:00:30]} 18. h4 {[%emt 0:00:00]} Kh8 {[%emt 0:00:10]} 19. Rf1 {[%emt 0:00:00]} Nf6 {[%emt 0:00:16]} 20. Rg5 {[%emt 0:00:08]} Qc7 {[%emt 0:00:37]} 21. Qf2 {[%emt 0:00:09]} d5 {[%emt 0:00:15]} 22. e5 {[%emt 0:00:16]} Ng8 {[%emt 0:00:21]} 23. h5 {[%emt 0:00:14]} Qe7 {[%emt 0:00:18]} 24. Qh4 {[%emt 0:00:40]} Kg7 {[%emt 0:00:21]} 25. hxg6 {[%emt 0:00:37]} hxg6 {[%emt 0:00:21]} 26. Qg4 {[%emt 0:00:12]} Nh6 {[%emt 0:00:13]} 27. Qf3 {[%emt 0:00:31]} Rh8 {[%emt 0:00:11]} 28. Kg1 {[%emt 0:00:26]} Qc5+ {[%emt 0:00:14]} 29. Rf2 {[%emt 0:00:20]} Nf5 {[%emt 0:00:11]} 30. Bxf5 {[%emt 0:00:14]} exf5 {[%emt 0:00:08]} 31. Nd1 {[%emt 0:00:21]} Rh6 {[%emt 0:00:15]} 32. Kf1 {[%emt 0:00:16]} Rh1+ {[%emt 0:00:12]} 33. Ke2 {[%emt 0:00:08]} Qxc2+ {[%emt 0:00:09]} 34. Ke3 {[%emt 0:00:13]} d4+ {[%emt 0:00:10]} 35. Kxd4 {[%emt 0:00:15]} Qc4+ 0-1

[Event "9th Bangabandhu Blitz Women 2021"]
[Site "Dhaka"]
[Date "2021.04.03"]
[Round "5.3"]
[White "Nusrat Jahan, Alo"]
[Black "Talukder, Umme Taslima Protiva"]
[Result "0-1"]
[WhiteElo "1712"]
[BlackElo "1722"]
[Annotator "NA"]
[PlyCount "78"]
[EventDate "2021.04.02"]
[EventType "swiss"]
[EventCountry "BAN"]
[SourceTitle "playchess.com"]
[Source "ChessBase"]
[SourceQuality "1"]
[TimeControl "1500+10"]

1. e4 {[%emt 0:25:10]} c5 {[%emt 0:25:10]} 2. Nf3 {[%emt 0:00:10]} d6 3. c3 {[%emt 0:00:10]} Nf6 {[%emt 0:00:20]} 4. d3 {[%emt 0:00:10]} Nc6 {[%emt 0:00:10]} 5. Nbd2 {[%emt 0:00:10]} e6 {[%emt 0:00:10]} 6. d4 {[%emt 0:00:10]} cxd4 {[%emt 0:00:10]} 7. cxd4 Be7 {[%emt 0:00:10]} 8. Bd3 {[%emt 0:00:20]} e5 {[%emt 0:00:10]} 9. d5 {[%emt 0:00:10]} Nb4 {[%emt 0:00:10]} 10. Qa4+ {[%emt 0:00:10]} Bd7 {[%emt 0:00:10]} 11. Qxb4 {[%emt 0:00:10]} b6 {[%emt 0:00:10]} 12. O-O {[%emt 0:00:10]} O-O {[%emt 0:00:10]} 13. Nb3 {[%emt 0:00:10]} Rc8 {[%emt 0:00:10]} 14. Be3 {[%emt 0:00:10]} Ng4 {[%emt 0:00:10]} 15. Qd2 {[%emt 0:00:10]} Nxe3 {[%emt 0:00:10]} 16. Qxe3 {[%emt 0:00:10]} f5 {[%emt 0:00:10]} 17. exf5 {[%emt 0:00:10]} Bxf5 {[%emt 0:00:10]} 18. Bxf5 {[%emt 0:00:10]} Rxf5 {[%emt 0:00:10]} 19. Rfe1 {[%emt 0:00:10]} Qd7 {[%emt 0:00:10]} 20. h3 {[%emt 0:00:10]} Rcf8 {[%emt 0:00:10]} 21. Re2 {[%emt 0:00:10]} Qb7 {[%emt 0:00:10]} 22. Rd1 {[%emt 0:00:10]} Rc8 {[%emt 0:00:10]} 23. Qe4 {[%emt 0:00:10]} Rf4 {[%emt 0:00:10]} 24. Qe3 {[%emt 0:00:10]} Rfc4 {[%emt 0:00:10]} 25. Red2 {[%emt 0:00:10]} Qc7 {[%emt 0:00:10]} 26. Ng5 {[%emt 0:00:10]} Qd8 {[%emt 0:00:10]} 27. Ne6 {[%emt 0:00:10]} Qe8 {[%emt 0:00:10]} 28. Qg3 {[%emt 0:00:10]} Qf7 {[%emt 0:00:10]} 29. Rd3 {[%emt 0:00:10]} g6 {[%emt 0:00:10]} 30. Rc3 {[%emt 0:00:10]} Qf5 {[%emt 0:00:10]} 31. Rf3 {[%emt 0:00:10]} Qe4 {[%emt 0:00:10]} 32. Re3 {[%emt 0:00:10]} Qc2 {[%emt 0:00:10]} 33. Rc1 {[%emt 0:00:10]} Qxb2 {[%emt 0:00:10]} 34. Rxc4 Rxc4 {[%emt 0:00:10]} 35. Re1 {[%emt 0:00:20]} Qxa2 {[%emt 0:00:10]} 36. Qd3 {[%emt 0:00:10]} Rc2 {[%emt 0:00:10]} 37. Rf1 {[%emt 0:00:10]} Qb2 {[%emt 0:00:10]} 38. Na1 {[%emt 0:00:10]} Rd2 {[%emt 0:00:10]} 39. Nc7 {[%emt 0:00:10]} Rxd3 {[%emt 0:00:10]} 0-1